| 000 | 00356nam a22001577a 4500 | ||
|---|---|---|---|
| 020 | _a978-81-85240-81-7 | ||
| 041 | _aENG | ||
| 100 | _a Gupta.C.P | ||
| 245 | _aEngineering Heat Transfer | ||
| 250 | _a8th Edition | ||
| 260 |
_aIndia _bNem Chand & Bros, Roorkee . _c2015 |
||
| 300 | _a541 | ||
| 650 | _aAPE | ||
| 700 | _aRajendra Prakash | ||
| 856 | _uAPE | ||
| 999 |
_c93 _d93 |
||